01563nab a22002417a 4500999001500000003000400015005001700019008004100036040000700077100003900084245018200123260007300305300001500378500003700393505041800430505013900848505008200987650002301069650002401092700003601116773015601152942001301308 c5615d5615OSt20251222120353.0190429b xxu||||| |||| 00| 0 spa d cPJ 94533aGonzález Da Silva, Gabriel10aDesregulación, automatismo y riesgo institucional. Crítica a las nuevas disposiciones sobre control de armas en la Argentina /cGabriel González Da Silva, Paulina Gómez. cCiudad Autónoma de Buenos Aires :aThomson Reuters La Ley, b2025. ap. 204-209 aCita: TR LALEY AR/DOC/1625/2025. aSumario: I. Presentación del problema.— II. La res. ANMaC 49/2025 que permite contar con habilitación del Estado Nacional para comercializar, fabricar y reparar armas, entre otras actividades, a nivel local de los municipios, antes de contar con su permiso.— III. La res. ANMaC 45/2025 y la insuficiencia de los mecanismos de control en el trámite express de las habilitaciones.— IV. Palabras finales. aFallo comentado: TOral Crim. Fed., Mar del Plata ~ 12/06/2024 ~ S., M. L. y otros s/ infracción art. 303 inc. 1° del Cód. Penal. tSi te interesa el texto completo, solicitalo a koha@justierradelfuego.gov.ar  09343aDERECHO PENAL 092794aARMA DE FUEGO 96589aGómez, Paulinaecoautor0 0265893164tRevista de derecho penal y criminología. Nº 7 - Agosto 2025dCiudad Autónoma de Buenos Aires : Thomson Reuters La Ley, 2017-x00347914 2udccANA